| 000 | 00987nam a2200277 i 4500 | ||
|---|---|---|---|
| 001 | bg | ||
| 003 | KOSZ 005 | ||
| 005 | 20210831120214.0 | ||
| 008 | 071013s1968 pl a f f 000 0 pol | ||
| 015 | _aPB 1968/10480 | ||
| 040 |
_aWA N _cKOSZ 005/RW _dKOSZ 005/RW |
||
| 080 | _a651(075) | ||
| 100 | 1 | _aJarzębowski, Witold. | |
| 245 | 1 | 0 |
_aBiurowość i korespondencja / _cWitold Jarzębowski. |
| 250 | _aWyd. 4 zm. | ||
| 260 |
_aWarszawa : _bPaństwowe Wydawnictwo Szkolnictwa Zawodowego, _c1968. |
||
| 300 |
_a206, [1] s., [1] k. tabl. : _bil. ; _c25 cm. |
||
| 380 | _aKsiążki. | ||
| 521 | 8 | _aDla kl. 4 liceum ekonomicznego. | |
| 655 | 4 | _aPodręczniki dla szkół zawodowych | |
| 650 | 4 | _aBiurowość | |
| 655 | 4 | _aKorespondencja urzędowa | |
| 710 | 2 |
_aPaństwowe Wydawnictwo Szkolnictwa Zawodowego _4pbl. |
|
| 856 |
_uhttp://koha.tu.koszalin.pl/cgi-bin/koha/opac-detail.pl?biblionumber=7953 _yKatalog online BPK |
||
| 942 |
_2UKD _cKS |
||
| 999 |
_c7953 _d7953 |
||